[Event "9th Semana Santa Alicante"]
[Site "San Vicente ESP"]
[Date "2025.04.21"]
[Round "9.5"]
[White "Sethuraman, S.P."]
[Black "Jain, Kashish Manoj"]
[Result "1-0"]
[WhiteTitle "GM"]
[BlackTitle "FM"]
[WhiteElo "2548"]
[BlackElo "2459"]
[WhiteFideId "5021596"]
[BlackFideId "35081098"]
[EventDate "2025.04.16"]

1. e4 c5 2. Nf3 Nc6 3. Bb5 g6 4. O-O Bg7 5. Re1 e5 6. Bxc6 dxc6 7. d3 Qe7 8. a4
Nh6 9. Na3 f6 10. a5 O-O 11. Be3 Nf7 12. Nd2 Nd8 13. f4 f5 14. Nac4 exf4 15.
Bxf4 Nf7 16. exf5 Qf6 17. Ne4 Qxf5 18. Be3 Be6 19. Rf1 Qd5 20. Bxc5 Rfe8 21. Ra4
Rad8 22. Ne3 Qe5 23. c3 Qb8 24. Bd4 Bxd4 25. Rxd4 Rxd4 26. Nf6+ Kh8 27. Nxe8 Rh4
28. g3 Rh5 29. Nf6 Rxa5 30. d4 Qd8 31. c4 Qe7 32. Qd2 Ra6 33. g4 Bc8 34. Qc3 Kg7
35. c5 b6 36. Nc4 Ra4 37. Nd6 Nxd6 38. cxd6 Qe2 39. Qxc6 Rc4 40. Qd5 Be6 41.
Qb7+ Bf7 42. Qe7 Qe6 43. Ne8+ Kg8 44. Nf6+ Kg7 45. Qxe6 Bxe6 46. d5 Bxg4 47. d7
Bxd7 48. Nxd7 Rg4+ 49. Kh1 Rd4 50. Nf6 Kf7 51. Nxh7+ Ke7 52. Re1+ Kd6 53. Nf6 1-0

[Event "9th Semana Santa Alicante"]
[Site "San Vicente ESP"]
[Date "2025.04.21"]
[Round "9.6"]
[White "Mamedov, Edgar"]
[Black "Almeida Quintana, Omar"]
[Result "1/2-1/2"]
[WhiteTitle "IM"]
[BlackTitle "GM"]
[WhiteElo "2453"]
[BlackElo "2483"]
[WhiteFideId "13739980"]
[BlackFideId "3503313"]
[EventDate "2025.04.16"]

1. d4 g6 2. Nf3 Bg7 3. e4 d6 4. c3 Nf6 5. Bd3 O-O 6. O-O Nbd7 7. Re1 e5 8. Nbd2
Re8 9. h3 b6 10. a4 a6 11. Nf1 Bb7 12. Ng3 d5 13. dxe5 dxe4 14. exf6 Nxf6 15.
Nxe4 Nxe4 16. Bf4 Nc5 17. Rxe8+ Qxe8 18. Bc4 Rd8 19. Qe1 Qxe1+ 20. Rxe1 Bxf3 21.
gxf3 Bf6 22. Bxc7 Rd7 23. Bxb6 Nxa4 24. Ba5 Nxb2 25. Re8+ Kg7 26. Bxa6 h5 27.
Be2 Nd3 28. Bxd3 Rxd3 29. Re3 Rd1+ 30. Kg2 g5 31. c4 Rc1 32. Re4 Kg6 33. Bb6 Kf5
34. Be3 Rc2 35. c5 Be5 36. Ra4 f6 37. Rb4 Ke6 38. Rb1 Rc4 39. Rd1 f5 40. Bxg5
Rxc5 41. Rb1 Rc6 42. Re1 Kd5 43. f4 Bd4 44. Re8 Rc7 45. Re2 Rb7 46. Kg3 Rb3+ 47.
Kg2 Rb2 48. Rxb2 Bxb2 49. Kg3 Ke4 50. Kh4 Bd4 51. Kxh5 Bxf2 52. h4 Bg3 53. Bh6
Bxf4 54. Bxf4 Kxf4 55. Kg6 Kg3 56. Kxf5 Kxh4 57. Ke4 1/2-1/2

[Event "9th Semana Santa Alicante"]
[Site "San Vicente ESP"]
[Date "2025.04.21"]
[Round "9.7"]
[White "Santiago, Yago De Moura"]
[Black "Garcia Ramos, Daniel"]
[Result "1/2-1/2"]
[WhiteTitle "GM"]
[BlackTitle "IM"]
[WhiteElo "2475"]
[BlackElo "2428"]
[WhiteFideId "2103877"]
[BlackFideId "32010311"]
[EventDate "2025.04.16"]

1. d4 d5 2. c4 e6 3. Nf3 Nf6 4. g3 Be7 5. Bg2 O-O 6. O-O c6 7. Nc3 b6 8. b3 Nbd7
9. Qd3 Bb7 10. Rd1 c5 11. cxd5 Nxd5 12. Nxd5 Bxd5 13. e4 Bb7 14. d5 exd5 15.
exd5 Bf6 16. Rb1 Ne5 17. Nxe5 1/2-1/2

[Event "9th Semana Santa Alicante"]
[Site "San Vicente ESP"]
[Date "2025.04.21"]
[Round "9.8"]
[White "Kozak, Adam"]
[Black "Tanriverdi, Enes"]
[Result "1/2-1/2"]
[WhiteTitle "GM"]
[BlackTitle "IM"]
[WhiteElo "2598"]
[BlackElo "2388"]
[WhiteFideId "753246"]
[BlackFideId "34543279"]
[EventDate "2025.04.16"]

1. c4 e6 2. Nf3 Nf6 3. Nc3 d5 4. d4 a6 5. cxd5 exd5 6. Bg5 Be6 7. Bxf6 Qxf6 8.
Qb3 Ra7 9. h4 Nc6 10. Nxd5 Qd8 11. e4 Bb4+ 12. Kd1 O-O 13. a3 Ba5 14. Bd3 Kh8
15. Qc2 f5 16. Nf4 Bg8 17. h5 g5 18. hxg6 fxe4 19. Nh5 hxg6 20. Qc1 gxh5 21.
Qh6+ Bh7 22. Bxe4 Rf7 23. Rxh5 Nxd4 24. Rd5 Qe8 25. Rxd4 c5 26. Bxh7 Rxh7 27.
Qf6+ Rg7 28. Rd3 Ra8 29. Kc2 Qe4 30. Qh4+ Qxh4 31. Nxh4 Re8 32. Rf1 Re2+ 33. Kc1
c4 34. Rd5 b5 35. g3 c3 36. b4 1/2-1/2

[Event "9th Semana Santa Alicante"]
[Site "San Vicente ESP"]
[Date "2025.04.21"]
[Round "9.9"]
[White "Stremavicius, Titas"]
[Black "Ilinca, Felix-Antonio"]
[Result "1/2-1/2"]
[WhiteTitle "GM"]
[BlackTitle "IM"]
[WhiteElo "2551"]
[BlackElo "2397"]
[WhiteFideId "12804444"]
[BlackFideId "54764998"]
[EventDate "2025.04.16"]

1. Nf3 Nf6 2. d4 e6 3. g3 b5 4. Bg2 Bb7 5. O-O c5 6. Bg5 cxd4 7. Nxd4 Bxg2 8.
Kxg2 a6 9. Qd3 Be7 10. Nd2 O-O 11. c3 d5 12. Rfd1 Nbd7 13. Nc6 Qe8 14. Nxe7+
Qxe7 15. e4 h6 16. Bxf6 Nxf6 17. exd5 Nxd5 18. Nf1 Rfd8 19. Qf3 Qc5 20. Ne3
Nxe3+ 1/2-1/2

[Event "9th Semana Santa Alicante"]
[Site "San Vicente ESP"]
[Date "2025.04.21"]
[Round "9.10"]
[White "Cieslak, Patryk"]
[Black "Dragnev, Valentin"]
[Result "1/2-1/2"]
[WhiteTitle "FM"]
[BlackTitle "GM"]
[WhiteElo "2432"]
[BlackElo "2538"]
[WhiteFideId "21078882"]
[BlackFideId "1634852"]
[EventDate "2025.04.16"]

1. e4 e6 2. d4 d5 3. Nc3 Nf6 4. e5 Nfd7 5. f4 c5 6. Nf3 Nc6 7. Be3 Be7 8. Qd2 a6
9. Bd3 O-O 10. dxc5 Nxc5 11. Be2 b5 12. a3 Qc7 13. Nd4 Bb7 14. O-O Rac8 15. Nxc6
Qxc6 16. Bd4 Ne4 17. Nxe4 dxe4 18. Qe3 f6 19. c3 fxe5 20. Bxe5 Bc5 21. Bd4 Bxd4
22. Qxd4 Qc7 23. Qe3 e5 24. fxe5 Qxe5 25. Rad1 Qe7 26. Rxf8+ 1/2-1/2

[Event "9th Semana Santa Alicante"]
[Site "San Vicente ESP"]
[Date "2025.04.21"]
[Round "9.11"]
[White "Pranav, Anand"]
[Black "Dushyant, Sharma"]
[Result "1/2-1/2"]
[WhiteTitle "GM"]
[BlackTitle "IM"]
[WhiteElo "2538"]
[BlackElo "2313"]
[WhiteFideId "46626786"]
[BlackFideId "25065130"]
[EventDate "2025.04.16"]

1. e4 e5 2. Nf3 Nc6 3. Bb5 a6 4. Ba4 Nf6 5. Nc3 Bb4 6. O-O O-O 7. d3 Bxc3 8.
bxc3 d6 9. Bg5 Qe7 10. Re1 h6 11. Bh4 Nd8 12. d4 Ne6 13. dxe5 dxe5 14. Nxe5 Nc5
15. Nd3 Nxa4 16. e5 g5 17. exf6 Qxf6 18. Bg3 Nxc3 19. Qh5 Qg6 20. Qf3 Qf5 21.
Qe3 Be6 22. Qd4 Nb5 23. Qb2 Nd6 24. h4 Rfe8 25. hxg5 hxg5 26. Bxd6 cxd6 27. Qxb7
Bc4 28. Qc6 Rxe1+ 29. Rxe1 Qd5 30. Qd7 Bxd3 31. cxd3 Qxd3 32. Re3 Qd1+ 33. Kh2
Kg7 1/2-1/2

[Event "9th Semana Santa Alicante"]
[Site "San Vicente ESP"]
[Date "2025.04.21"]
[Round "9.12"]
[White "Prraneeth, Vuppala"]
[Black "Heberla, Bartlomiej"]
[Result "1/2-1/2"]
[WhiteTitle "GM"]
[BlackTitle "GM"]
[WhiteElo "2433"]
[BlackElo "2523"]
[WhiteFideId "46622373"]
[BlackFideId "1115120"]
[EventDate "2025.04.16"]

1. e4 e5 2. Nf3 Nc6 3. Nc3 Nf6 4. d4 exd4 5. Nxd4 Bb4 6. Nxc6 bxc6 7. Bd3 O-O 8.
O-O Re8 9. Bg5 h6 10. Bh4 d5 11. exd5 g5 12. Bg3 cxd5 13. Nb5 Ba5 14. c4 a6 15.
Nd4 dxc4 16. Bxc4 Bb6 17. Nc6 Qxd1 18. Rfxd1 Be6 19. Bxe6 Rxe6 20. Nd4 Re4 21.
Nb3 Rae8 22. Kf1 Rb4 23. Rac1 a5 24. Bxc7 Bxc7 25. Rxc7 a4 26. Rd4 Reb8 27. Rxb4
Rxb4 28. Nc5 Rxb2 29. Nxa4 Rxa2 30. Nc3 Rc2 31. Nd5 Rxc7 1/2-1/2

[Event "9th Semana Santa Alicante"]
[Site "San Vicente ESP"]
[Date "2025.04.21"]
[Round "9.13"]
[White "Balakrishnan, Praveen"]
[Black "Sriansh Das"]
[Result "1-0"]
[WhiteTitle "GM"]
[BlackTitle "FM"]
[WhiteElo "2489"]
[BlackElo "2278"]
[WhiteFideId "2064871"]
[BlackFideId "45030081"]
[EventDate "2025.04.16"]

1. e4 e5 2. Nf3 Nc6 3. Bb5 a6 4. Ba4 Nf6 5. O-O Be7 6. Re1 b5 7. Bb3 d6 8. c3
O-O 9. h3 Nb8 10. d4 Nbd7 11. Nbd2 Bb7 12. Bc2 Re8 13. Nf1 Bf8 14. Ng3 g6 15.
Bd2 Bg7 16. Qc1 exd4 17. cxd4 c5 18. d5 Ne5 19. Nxe5 dxe5 20. Be3 Nd7 21. b3 Qe7
22. a4 Rec8 23. Bd3 c4 24. bxc4 bxc4 25. Bxc4 Rab8 26. Re2 Nc5 27. Rc2 Bf8 28.
a5 h5 29. f3 Qd6 30. Rb1 Qc7 31. Rb6 Na4 32. Rxg6+ fxg6 33. d6+ Qxc4 34. Rxc4
Bxd6 35. Rxc8+ Rxc8 36. Qd1 Bc5 37. Bxc5 Nxc5 38. Qd6 Kf7 39. Qxe5 Ne6 40. Qb2
Bc6 41. Ne2 Rd8 42. Nc3 Rd7 43. Qb6 Bb7 44. Nd5 1-0

[Event "9th Semana Santa Alicante"]
[Site "San Vicente ESP"]
[Date "2025.04.21"]
[Round "9.14"]
[White "Krstulovic, Alex"]
[Black "Diaz Camallonga, Carles"]
[Result "1/2-1/2"]
[WhiteTitle "IM"]
[BlackTitle "IM"]
[WhiteElo "2429"]
[BlackElo "2487"]
[WhiteFideId "760056"]
[BlackFideId "22235256"]
[EventDate "2025.04.16"]

1. d4 d5 2. Nf3 Nf6 3. Bf4 c5 4. e3 Nc6 5. Nbd2 e6 6. c3 cxd4 7. exd4 Nh5 8. Be3
Bd6 9. Bd3 Nf4 10. Bxf4 Bxf4 11. g3 Bh6 12. Qc2 g6 13. h4 Bd7 14. Kf1 Qe7 15.
Kg2 f6 16. Rae1 O-O 17. b4 Rac8 18. Qb3 b6 19. Nf1 Qd6 20. Ne3 f5 21. Nc2 Bg7
22. Na3 Bf6 23. Re2 Kg7 24. Rhe1 Nd8 25. Ba6 Rc7 26. Nb5 Bxb5 27. Bxb5 Re7 28.
c4 dxc4 29. Bxc4 Rfe8 30. b5 Nb7 31. Rxe6 Rxe6 32. Rxe6 Rxe6 33. Bxe6 Qe7 34. a4
Nd6 35. Qd5 Ne4 36. Qc6 Kh6 37. h5 Kg7 38. Qc8 Kh6 39. Bd5 Ng5 40. hxg6 Nxf3 41.
Bxf3 hxg6 42. d5 Kg7 43. Qc6 Be5 44. Qc4 Bd6 45. Qd4+ 1/2-1/2

[Event "9th Semana Santa Alicante"]
[Site "San Vicente ESP"]
[Date "2025.04.21"]
[Round "9.15"]
[White "Gormally, Daniel W"]
[Black "Szpar, Milosz"]
[Result "1/2-1/2"]
[WhiteTitle "GM"]
[BlackTitle "IM"]
[WhiteElo "2428"]
[BlackElo "2481"]
[WhiteFideId "406465"]
[BlackFideId "1184989"]
[EventDate "2025.04.16"]

1. d4 Nf6 2. Nf3 d5 3. c4 e6 4. Nc3 dxc4 5. e3 a6 6. a4 b6 7. Bxc4 Bb7 8. O-O
Bb4 9. Qe2 O-O 10. Bd3 c5 11. dxc5 Bxc5 12. b3 Nbd7 13. Bb2 Qe7 14. Rfd1 Rfd8
15. Ng5 Bb4 16. Nce4 h6 17. Nxf6+ Nxf6 18. Nf3 Ne4 19. Rac1 Nc5 20. Bc4 b5 1/2-1/2

[Event "9th Semana Santa Alicante"]
[Site "San Vicente ESP"]
[Date "2025.04.21"]
[Round "9.16"]
[White "Espinosa Aranda, Angel"]
[Black "Fernandez Guillen, Ernesto J."]
[Result "1-0"]
[WhiteTitle "IM"]
[BlackTitle "IM"]
[WhiteElo "2418"]
[BlackElo "2474"]
[WhiteFideId "2278189"]
[BlackFideId "3512428"]
[EventDate "2025.04.16"]

1. e4 c5 2. Nf3 d6 3. Bc4 e6 4. O-O a6 5. Re1 Be7 6. Bf1 g5 7. d3 Nc6 8. Be3 h5
9. c3 Nh6 10. d4 Ng4 11. Bc1 Bd7 12. Nbd2 Nh6 13. dxc5 dxc5 14. Nc4 Ng4 15. e5
Qc7 16. h3 Nh6 17. Bxg5 O-O-O 18. Nd6+ Kb8 19. Bxh6 Rxh6 20. Nxf7 Be8 21. Nxd8
Nxd8 22. Bd3 c4 23. Be4 Bc5 24. Qd2 Rh8 25. Rad1 Nc6 26. Nd4 Nd8 27. b4 Bb6 28.
Qg5 Ba4 29. Rd2 Rf8 30. Re3 Nf7 31. Qf6 Qxe5 32. Qe7 1-0

[Event "9th Semana Santa Alicante"]
[Site "San Vicente ESP"]
[Date "2025.04.21"]
[Round "9.17"]
[White "Barp, Alberto"]
[Black "Castellanos Rodriguez, Renier"]
[Result "1/2-1/2"]
[WhiteTitle "IM"]
[BlackTitle "GM"]
[WhiteElo "2413"]
[BlackElo "2471"]
[WhiteFideId "872555"]
[BlackFideId "3404650"]
[EventDate "2025.04.16"]

1. d4 Nf6 2. c4 g6 3. Nc3 Bg7 4. e4 d6 5. Nf3 O-O 6. Be2 Nbd7 7. O-O e5 8. Qc2
Re8 9. Be3 exd4 10. Nxd4 c6 11. Rad1 Qe7 12. f3 a5 13. Rfe1 Nc5 14. b3 Nh5 15.
Bf1 Be5 16. Qf2 Nf4 17. Kh1 h5 18. g3 Nfe6 19. f4 Bg7 20. Bg2 h4 21. Bf3 hxg3
22. hxg3 Nd7 23. Qh2 Nec5 24. Bg1 Nf8 25. Qd2 Nh7 26. Qh2 Nf8 27. Qd2 Nh7 28.
Qh2 1/2-1/2

[Event "9th Semana Santa Alicante"]
[Site "San Vicente ESP"]
[Date "2025.04.21"]
[Round "9.18"]
[White "Flores Quillas, Diego Saul Rodri"]
[Black "Zanan, Evgeny"]
[Result "0-1"]
[WhiteTitle "IM"]
[BlackTitle "GM"]
[WhiteElo "2400"]
[BlackElo "2454"]
[WhiteFideId "3822508"]
[BlackFideId "24101940"]
[EventDate "2025.04.16"]

1. e4 e5 2. Nf3 Nc6 3. Bb5 a6 4. Ba4 Nf6 5. O-O Be7 6. Re1 b5 7. Bb3 d6 8. c3
O-O 9. h3 Bb7 10. d4 Re8 11. Ng5 Rf8 12. Nf3 Re8 13. Ng5 Rf8 14. Nf3 h6 15. Nbd2
Re8 16. Nf1 Bf8 17. Ng3 Na5 18. Bc2 Nc4 19. a4 Nb6 20. a5 Nbd7 21. d5 c6 22.
dxc6 Bxc6 23. b4 d5 24. exd5 Bxd5 25. Be3 Qc7 26. Rc1 Rad8 27. Nd2 Qb7 28. f3
Be6 29. Bb1 Nd5 30. Qe2 Nxe3 31. Qxe3 Nf6 32. Nde4 Nd5 33. Nc5 Bxc5 34. Qxc5 Rc8
35. Qd6 Qa7+ 36. Kh2 Nxc3 37. Qxe5 Nxb1 38. Rxc8 Rxc8 39. Rxb1 Qe7 40. Ne4 Rc2
41. Rb2 Rxb2 42. Qxb2 f5 43. Nc5 Qd6+ 44. Kg1 Qd1+ 45. Kh2 Qd6+ 46. Kg1 Qd1+ 47.
Kf2 Bc4 48. f4 g5 49. fxg5 f4 0-1

[Event "9th Semana Santa Alicante"]
[Site "San Vicente ESP"]
[Date "2025.04.21"]
[Round "9.19"]
[White "Suarez Uriel, Adrian"]
[Black "Plazuelo Pascual, Juan"]
[Result "1/2-1/2"]
[WhiteTitle "IM"]
[BlackTitle "IM"]
[WhiteElo "2388"]
[BlackElo "2449"]
[WhiteFideId "22230874"]
[BlackFideId "32059566"]
[EventDate "2025.04.16"]

1. e4 e6 2. d4 d5 3. Nc3 Nf6 4. e5 Nfd7 5. Nce2 c5 6. c3 Nc6 7. f4 a5 8. Nf3 a4
9. f5 exf5 10. Nf4 cxd4 11. cxd4 Bb4+ 12. Kf2 O-O 13. a3 Be7 14. Nxd5 Nb6 15.
Nxe7+ Nxe7 16. Bd2 Be6 17. Bb4 Qd7 18. Bc5 Nbd5 19. Qd2 Rfd8 20. Rc1 f4 21. Bd3
Ne3 22. Rhe1 Bd5 23. Rxe3 fxe3+ 24. Qxe3 Rac8 25. Ng5 h6 26. Ne4 Nf5 27. Qf4
Bxe4 28. Qxe4 g6 29. Rc3 Ng7 30. Bc4 Rxc5 31. dxc5 Qd2+ 32. Qe2 Qd4+ 33. Kf1
Qf4+ 34. Kg1 Rd2 35. g3 Qd4+ 36. Qe3 Qxe3+ 37. Rxe3 Rxb2 38. Rf3 Nf5 39. g4 Rc2
40. gxf5 Rxc4 41. fxg6 fxg6 42. e6 Re4 43. Rf6 Kg7 44. Rf7+ Kg8 45. Rxb7 Rxe6
46. Rb4 Rc6 47. Rxa4 Rxc5 48. Ra7 Rc2 49. a4 Ra2 50. a5 g5 51. a6 h5 52. Kf1 g4
53. Kg1 h4 54. Rb7 Rxa6 55. Rb4 Rg6 56. h3 gxh3+ 57. Kh2 Kg7 58. Kxh3 Rf6 59.
Rxh4 Rh6 60. Rxh6 Kxh6 1/2-1/2

[Event "9th Semana Santa Alicante"]
[Site "San Vicente ESP"]
[Date "2025.04.21"]
[Round "9.20"]
[White "Maltsevskaya, Aleksandra"]
[Black "Iturrizaga Bonelli, Eduardo"]
[Result "0-1"]
[WhiteTitle "IM"]
[BlackTitle "GM"]
[WhiteElo "2383"]
[BlackElo "2585"]
[WhiteFideId "24174041"]
[BlackFideId "3901211"]
[EventDate "2025.04.16"]

1. e4 c5 2. Nf3 a6 3. c3 d5 4. exd5 Qxd5 5. d4 e6 6. Be3 Nd7 7. c4 Qc6 8. Nc3
Ngf6 9. Be2 b6 10. Ne5 Qc7 11. Nxd7 Bxd7 12. O-O Bd6 13. h3 O-O 14. dxc5 bxc5
15. Bf3 Rab8 16. b3 Be5 17. Rc1 Rfd8 18. Qe2 Be8 19. Rfe1 h6 20. Qc2 Bd4 21.
Rcd1 Qa5 22. Bd2 Qc7 23. Be3 Rb6 24. Bxd4 cxd4 25. Ne4 Nh7 26. c5 Rbb8 27. Rd2
Bc6 28. Qd1 Bxe4 29. Rxe4 e5 30. Qe2 Rd5 31. Qxa6 Ng5 32. Re1 Nxf3+ 33. gxf3
Rxc5 34. Qd3 Rb6 35. Qe4 Rf6 36. b4 Rc3 37. b5 Rcxf3 38. b6 Qxb6 39. Rb1 Rg6+
40. Kh2 Qf6 41. Rbb2 Qg5 42. Qg4 Rxh3+ 0-1

[Event "9th Semana Santa Alicante"]
[Site "San Vicente ESP"]
[Date "2025.04.21"]
[Round "9.22"]
[White "Katz, Alexander"]
[Black "Berdayes Ason, Dylan Isidro"]
[Result "1/2-1/2"]
[WhiteTitle "IM"]
[BlackTitle "GM"]
[WhiteElo "2377"]
[BlackElo "2478"]
[WhiteFideId "2039796"]
[BlackFideId "3516016"]
[EventDate "2025.04.16"]

1. e4 c5 2. Nf3 d6 3. d4 cxd4 4. Nxd4 Nf6 5. Nc3 Nc6 6. Bg5 e6 7. Qd2 a6 8.
O-O-O Be7 9. h4 Qc7 10. f3 Nxd4 11. Qxd4 b5 12. Kb1 O-O 13. g4 Bb7 14. Be3 Rfd8
15. g5 Nh5 16. Bh3 d5 17. Qb6 Bd6 18. exd5 b4 19. dxe6 bxc3 20. exf7+ Kxf7 21.
Rxd6 Qxd6 22. Qxb7+ Kg8 23. Qb3+ Kh8 24. Qxc3 Ng3 25. Re1 Ne2 26. Qd3 Qxd3 27.
cxd3 Rxd3 28. Bf2 Re8 29. Bf1 Rxf3 30. Rxe2 Ref8 31. b4 Rxf2 32. Rxf2 Rxf2 33.
Bxa6 Kg8 34. Bd3 g6 35. b5 Kf8 36. b6 Ke7 37. b7 Rf8 38. h5 Rb8 39. hxg6 1/2-1/2

[Event "9th Semana Santa Alicante"]
[Site "San Vicente ESP"]
[Date "2025.04.21"]
[Round "9.23"]
[White "Kiladze, Luka"]
[Black "Camacho Collados, Marcos"]
[Result "0-1"]
[WhiteTitle "FM"]
[BlackTitle "IM"]
[WhiteElo "2380"]
[BlackElo "2468"]
[WhiteFideId "13623389"]
[BlackFideId "2266237"]
[EventDate "2025.04.16"]

1. d4 Nf6 2. Nc3 d5 3. Bf4 a6 4. e3 b5 5. Be2 e6 6. g4 Bb7 7. g5 Nfd7 8. Nf3 c5
9. h4 Nc6 10. a3 Be7 11. Nb1 Qb6 12. c3 a5 13. h5 Rc8 14. Nbd2 b4 15. Rh2 O-O
16. Kf1 Kh8 17. g6 h6 18. Rg2 fxg6 19. Rxg6 Rf6 20. Kg2 Qd8 21. Qh1 Nf8 22. Rg4
bxc3 23. bxc3 Bd6 24. Qh4 Bxf4 25. Rxf4 Nd7 26. Rg4 e5 27. Qg3 Qe7 28. Nh4 exd4
29. cxd4 cxd4 30. Ndf3 dxe3 31. Ng6+ Rxg6 32. Rxg6 Nce5 33. Nd4 Nxg6 34. Qxg6
Ne5 35. Qg3 exf2 36. Qxf2 Nc6 37. Rd1 Nxd4 38. Rxd4 Rc2 39. Kf1 Ba6 0-1

[Event "9th Semana Santa Alicante"]
[Site "San Vicente ESP"]
[Date "2025.04.21"]
[Round "9.24"]
[White "Perea Fruet, Lorenzo"]
[Black "Alonso Garcia, Aaron"]
[Result "1-0"]
[WhiteTitle "FM"]
[BlackTitle "IM"]
[WhiteElo "2374"]
[BlackElo "2462"]
[WhiteFideId "24595870"]
[BlackFideId "24521060"]
[EventDate "2025.04.16"]

1. e4 c5 2. Nf3 a6 3. c4 Nc6 4. d4 cxd4 5. Nxd4 Nf6 6. Nc3 e5 7. Nf5 d5 8. cxd5
Nxe4 9. Nxg7+ Bxg7 10. Nxe4 Nd4 11. Nc3 O-O 12. Bd3 f5 13. O-O f4 14. f3 Rf6 15.
g4 Rh6 16. Rf2 Rh3 17. Bf1 Rh4 18. Kh1 h5 19. g5 Kh8 20. Bd2 Bf5 21. Be1 e4 22.
Rd2 Nxf3 23. Bxh4 Nxd2 24. Qxd2 e3 25. Qd1 Qe8 26. Be2 Bg6 27. Bf3 Rd8 28. Qe2
Qe5 29. Bxh5 Bf5 30. Bf3 b5 31. a3 Rc8 32. Rd1 Rc4 33. d6 Rd4 34. Rxd4 Qxd4 35.
Bd5 Bg6 36. Qg4 Kh7 37. Qe6 e2 38. Qg8# 1-0

[Event "9th Semana Santa Alicante"]
[Site "San Vicente ESP"]
[Date "2025.04.21"]
[Round "9.25"]
[White "Zwirs, Nico"]
[Black "Perez Marimon, Jorge De Jesus"]
[Result "1-0"]
[WhiteTitle "IM"]
[BlackTitle "FM"]
[WhiteElo "2457"]
[BlackElo "2364"]
[WhiteFideId "1036432"]
[BlackFideId "3524582"]
[EventDate "2025.04.16"]

1. e4 c5 2. Nf3 d6 3. Nc3 Nf6 4. Bc4 e6 5. d4 cxd4 6. Nxd4 a6 7. Be3 b5 8. Bb3
Bb7 9. f3 Nbd7 10. a3 Qc7 11. Qd2 Ne5 12. O-O-O Nc4 13. Bxc4 Qxc4 14. Nb3 Be7
15. Nc5 b4 16. Nxb7 bxc3 17. Nxd6+ Bxd6 18. Qxd6 cxb2+ 19. Kb1 Rc8 20. Rd2 Qc3
21. Bf4 Qc6 22. Rhd1 Qxd6 23. Rxd6 O-O 24. Rxa6 Rc4 25. Rb6 Rfc8 26. Rb8 Rxb8
27. Bxb8 Kf8 28. Be5 Ne8 29. Kxb2 f6 30. Bd6+ Kf7 31. Kb3 Rc8 32. Bc7 Nxc7 33.
Rd7+ Kg6 34. f4 f5 35. exf5+ 1-0

[Event "9th Semana Santa Alicante"]
[Site "San Vicente ESP"]
[Date "2025.04.21"]
[Round "9.26"]
[White "Hernandez, Cristian Andres"]
[Black "Garrido Outon, Alex"]
[Result "1/2-1/2"]
[WhiteTitle "IM"]
[BlackTitle "IM"]
[WhiteElo "2369"]
[BlackElo "2450"]
[WhiteFideId "4402308"]
[BlackFideId "24516279"]
[EventDate "2025.04.16"]

1. d4 d5 2. c4 e6 3. Nf3 Nf6 4. Nc3 Bb4 5. e3 O-O 6. Bd2 b6 7. cxd5 exd5 8. Bd3
Re8 9. Ne5 c5 10. O-O cxd4 11. exd4 Bxc3 12. Bxc3 Ba6 13. Bxa6 Nxa6 14. Qd3 Qc8
15. Rfc1 Qb7 16. f3 Nb8 17. Be1 Nfd7 18. Nxd7 Nxd7 19. Bg3 Rac8 20. Bf4 Nf8 21.
b3 Ne6 22. Bd2 h6 23. a4 Qe7 24. Re1 Qf6 25. Re5 Nc5 26. Qe3 Rxe5 27. dxe5 Qf5
28. Rd1 Re8 29. Bc3 Qc2 30. Rxd5 Qxb3 31. Qd2 Nxa4 32. Rd8 Rxd8 33. Qxd8+ Kh7
34. Qd3+ g6 35. e6 Qxe6 36. Bd2 Nc5 37. Qd8 Qd7 38. Qf6 Qe6 39. Qd8 Qe5 40. Qf8
Qg7 41. Qe7 Ne6 42. Be3 a5 43. h4 h5 44. Bxb6 a4 45. Qa3 Qf6 1/2-1/2

[Event "9th Semana Santa Alicante"]
[Site "San Vicente ESP"]
[Date "2025.04.21"]
[Round "9.27"]
[White "Raczek, Krzysztof"]
[Black "Zielonka, Adam"]
[Result "1/2-1/2"]
[WhiteTitle "IM"]
[BlackTitle "FM"]
[WhiteElo "2448"]
[BlackElo "2357"]
[WhiteFideId "21005303"]
[BlackFideId "21002096"]
[EventDate "2025.04.16"]

1. e4 c5 2. Nf3 Nc6 3. Nc3 e5 4. Bc4 Be7 5. d3 d6 6. h3 Nf6 7. Nh2 O-O 8. Nf1
Nd7 9. a3 Nb6 10. Ba2 Bg5 11. Ne3 Be6 12. O-O Qd7 13. Ned5 Bxc1 14. Rxc1 Ne7 1/2-1/2

[Event "9th Semana Santa Alicante"]
[Site "San Vicente ESP"]
[Date "2025.04.21"]
[Round "9.28"]
[White "Horcajuelo Rocamora, Martin"]
[Black "Stearman, Josiah"]
[Result "0-1"]
[WhiteTitle "FM"]
[BlackTitle "IM"]
[WhiteElo "2357"]
[BlackElo "2441"]
[WhiteFideId "24573027"]
[BlackFideId "2062496"]
[EventDate "2025.04.16"]

1. d4 d5 2. c4 e6 3. Nf3 Nf6 4. Nc3 Nbd7 5. Bg5 Bb4 6. e3 c5 7. cxd5 exd5 8. Bd3
Qa5 9. Qc2 c4 10. Bf5 O-O 11. O-O Re8 12. Nd2 g6 13. Bh3 Kg7 14. Rfe1 Bxc3 15.
bxc3 Ne4 16. Nxe4 dxe4 17. Bxd7 Bxd7 18. Bf4 Qd5 19. a4 g5 20. Bg3 h5 21. h4
gxh4 22. Bxh4 Re6 23. f4 Rg6 24. Qf2 Kh7 25. f5 Rg4 26. g3 Rag8 27. Kf1 R8g5 28.
Bxg5 Rxg5 29. Ke2 Rxf5 30. Qh2 Rf3 31. Kd2 Bg4 32. Rab1 Qf5 33. Kc1 Rf2 34. Qh4
Rc2+ 35. Kxc2 Qf2+ 36. Kc1 Qxe1+ 37. Kb2 Qd2+ 38. Ka3 Qxc3+ 39. Ka2 Qc2+ 40. Rb2
Qxa4+ 41. Kb1 c3 42. Rc2 Qb5+ 43. Ka1 Qf1+ 44. Ka2 Be6+ 45. Ka3 Qa6+ 0-1

[Event "9th Semana Santa Alicante"]
[Site "San Vicente ESP"]
[Date "2025.04.21"]
[Round "9.29"]
[White "Chasin, Nico"]
[Black "Martin Duque, Jesus"]
[Result "1-0"]
[WhiteTitle "IM"]
[BlackTitle "IM"]
[WhiteElo "2435"]
[BlackElo "2355"]
[WhiteFideId "30908477"]
[BlackFideId "2208954"]
[EventDate "2025.04.16"]

1. d4 Nf6 2. Nf3 d5 3. c4 e6 4. Nc3 Bb4 5. cxd5 exd5 6. Bf4 O-O 7. Qc2 c6 8. e3
Re8 9. Bd3 Nbd7 10. O-O Nf8 11. h3 Ng6 12. Bh2 Bd6 13. Bxd6 Qxd6 14. Rab1 a5 15.
Na4 Ne7 16. Ne5 g6 17. Qc5 Qxc5 18. Nxc5 Ra7 19. g4 Rd8 20. Rfc1 Ne8 21. Be2 Nd6
22. f3 f6 23. Ned3 a4 24. Bd1 a3 25. b3 Re8 26. Kf2 g5 27. Be2 Ng6 28. Na4 Be6
29. Ndc5 Bf7 30. Nb6 Nc8 31. Ncd7 Nf8 32. b4 Bg6 33. Rb3 Ne6 34. b5 f5 35. bxc6
bxc6 36. Rxc6 f4 37. Nxd5 1-0